Historia de las religiones
Збережено в:
| Автор: | |
|---|---|
| Формат: | Книга |
| Мова: | Undetermined |
| Опубліковано: |
España
Player
1989
|
| Предмети: | |
| Теги: |
Додати тег
Немає тегів, Будьте першим, хто поставить тег для цього запису!
|
MARC
| LEADER | 00000nam a2200000Ia 4500 | ||
|---|---|---|---|
| 008 | 170316s9999 xx 000 0 und d | ||
| 090 | |a 291 R-1.1h | ||
| 100 | |a Ramos, Marcos Antonio | ||
| 245 | |a Historia de las religiones | ||
| 260 | |a España | ||
| 260 | |b Player | ||
| 260 | |c 1989 | ||
| 300 | |a 400 páginas | ||
| 650 | |a MITOLOGÍA | ||
| 999 | |c 18155 |d 18155 | ||
| 040 | |a cru BVZT | ||
| 942 | |c 15 D |h 291 R-1.1h |2 z | ||
